000 01124nam a2200301 c 4500
003 BLK
005 20180422103245.0
008 180408b bul|||||r ||||||| ||bul||
010 _aKNG00076310000
020 _a954-342-024-6
_bиздат.: Фалкор Консулт
040 _aBLK
041 _aBUL
_cBUL
080 _aБългарска литература
_b821.163.2
_x-32
_z821.163.2-32
100 1 _aБузин, Николай
_eпърви автор
_9369842
700 1 _aКоев, Васил
_eпредг. от
_9366413
139 _aБузин, Николай
_bБ 84
245 1 0 _aМоята любов на четири лапи
_bРазкази и новели
_cНиколай Бузин; предг. от Васил Коев.
257 _aBGR
260 София
_bФалкор Консулт
_c2007
300 _a240 с.
_bс ил.
_c21 см
380 _aX
500 _aСъдържа и От издателя / Никола Герджиков
852 _aЦб 234828
856 4 _qpdf
_u
856 4 _qpdf
_u
942 _cKNG
_n0
944 _aCR
_c05.07.2007
_kГеновева_Генчева
944 _aED
_c31.07.2007
_k
999 _c71937
_d71937